00853nam a2200229 i 450000100060000000300090000600500170001500700030003200800410003502000180007608000210009408000230011510000380013824500930017626000690026930000370033870000290037571000470040485200330045199900170048495201220050113686ES-MaACL20250213170506.0t|980527s1998 sp ||||1| spa d a84-7785-251-0 a821.134.2-94"19" a929 Prados, Emilio1 aPrados, Emilio,d1899-196299363010aDiario íntimo / cEmilio Prados ; edición, introducción y notas de Manuel Salinas. aMálaga : bCentro Cultural de la Generación del 27, c[1998] a45, [44] p. : bretr. ; c21 cm.1 aSalinas, Manuel.91019382 aCentro Cultural Generación del 27.92582 aES-MaACLjL-20915 bR.126580 c13686d13686 00104070aATENEOMbATENEOMcDEPO2d2008-01-17eSCl0oL-20915p1013930r2023-02-23 00:00:00w2023-02-23yMONOGRAFIA